000 00435nam a22001697a 4500
005 20160519094106.0
008 160519b xxu||||| |||| 00| 0 eng d
020 _a81-259-1663-6
041 _aeng
082 _b3101
100 _aMandal S.K.
_9771
245 _aTotal Quality Management Principles, Plactice and sases
260 _aNew Delhi
_bVikash Publishing,
_c2005
300 _a412
650 _aManagement
_9241
942 _cBK
999 _c1060
_d1060